|
|
|
|
| LEADER |
00000nab a2200000 a 4500 |
| 001 |
vtls009007201 |
| 003 |
SK-MaSNL |
| 005 |
20260303065436.0 |
| 008 |
070713c20070518xo dr n 000 00slo |
| 015 |
|
|
|a SNBRB2007/07SVKPO
|
| 038 |
|
|
|a SVKPOCL
|
| 040 |
|
|
|a SVKPOCL
|b slo
|c AACR2
|e AACR2
|
| 041 |
|
|
|a slo
|
| 044 |
|
|
|a xo
|c SK
|
| 080 |
|
|
|a 796.332.071
|2 2001
|
| 080 |
|
|
|a 929 Čepček, Andrej
|2 2001
|
| 100 |
1 |
|
|a Petruš, Andrej
|4 aut
|9 672594
|
| 245 |
1 |
0 |
|a Odišiel nezabudnuteľný Čepi
|c [autor] (ruš)
|
| 300 |
|
|
|a Fotogr.
|
| 600 |
1 |
7 |
|a Čepček, Andrej,
|d 1935-2007
|2 svkpocl
|9 1065499
|
| 650 |
0 |
7 |
|a futbal
|x osobnosti
|2 svkpocl
|9 1040197
|
| 651 |
|
7 |
|a Prešov (Slovensko)
|2 svkpocl
|9 17347
|
| 773 |
0 |
|
|t Prešovský večerník
|g Roč. XVIII, č. 4201 (18.5.2007), s. 22
|x 1336-4030
|
| 852 |
|
|
|a SVKPO
|b KIS3GCP
|
| 856 |
4 |
1 |
|u www.vecernik.po.sk
|
| 958 |
|
|
|a RG
|
| 999 |
|
|
|c 1751207
|d 1753137
|